The forbidden kingdom / (Record no. 22472)

000 -LEADER
fixed length control field 00739nam a2200229 4500
008 - FIXED-LENGTH DATA ELEMENTS--GENERAL INFORMATION
fixed length control field 260415b xxu||||| |||| 00| 0 eng d
028 42 - PUBLISHER NUMBER
Publisher number 22756
Source Lionsgate
040 ## - CATALOGING SOURCE
Transcribing agency Cagayan State University
041 ## - LANGUAGE CODE
Language code of text/sound track or separate title english
082 04 - DEWEY DECIMAL CLASSIFICATION NUMBER
Classification number 791.43
245 ## - TITLE STATEMENT
Title The forbidden kingdom /
Statement of responsibility, etc directed by Rob Minkoff ; screenplay by John Fusco
260 ## - PUBLICATION, DISTRIBUTION, ETC. (IMPRINT)
Place of publication, distribution, etc Santa Monica, CA :
Name of publisher, distributor, etc Lionsgate,
Date of publication, distribution, etc 2008.
300 ## - PHYSICAL DESCRIPTION
Extent 1 videodisc (104 min.)
Other physical details sound, color:
Dimensions 4 3/4 in.
520 ## - SUMMARY, ETC.
Summary, etc An American teen is transported to ancient China to free the Monkey King.
521 ## - TARGET AUDIENCE NOTE
Target audience note Rated PG-13
650 ## - SUBJECT ADDED ENTRY--TOPICAL TERM
Topical term or geographic name as entry element Action/Adventure
655 ## - INDEX TERM--GENRE/FORM
Genre/form data or focus term Action
655 ## - INDEX TERM--GENRE/FORM
Genre/form data or focus term Adventure
700 ## - ADDED ENTRY--PERSONAL NAME
Personal name Chan, Jackie, actor.
700 ## - ADDED ENTRY--PERSONAL NAME
Personal name Li, Jet, actor.
942 ## - ADDED ENTRY ELEMENTS (KOHA)
Source of classification or shelving scheme
Item type Audio-Visual Materials
Holdings
Price effective from Permanent location Date last seen Not for loan Date acquired Source of classification or shelving scheme Koha item type Damaged status Lost status Shelving location Withdrawn status Current location Full call number
2026-04-15Cagayan State University - Carig Library2026-04-15 2026-04-15 Audio-Visual Materials  Audio Visual Cagayan State University - Carig Library791.43

Cagayan State University University Library, Carig Campus
Tuguegarao City, Cagayan 3500 | www.csucarig.edu.ph

Powered by Koha